00747nam a2200217Ia 4500008004100000040001800041041000800059245012300067260004200190300001800232490004100250500004500291650002700336650001500363650002700378700001800405700001500423700003200438700002700470765003200497130821s1965 sp gr spa  aCo-BoUCMbspa aspa00aPolítica económica contemporáneacEtienne Sadi Kirschen...[et. al] ; versión castellana de Salvador Condominas aBarcelona (España)bOccidentec1965 a485 páginas aColección libros de economia Oikos aNotas bibliográficas al pie del texto.04aDesarrollo económico04aEconomía04aPolítica económica1 aBernard, Jean1 aBester, H.1 aCondominas, Salvadoretrad.1 aKirschen, Etienne Sadi tEconomic policy in our time